Dášoviny /

Hlavní autor: Ubrová, Dagmar, 1970-
Jazyk: Čeština
Vydáno: [Tišnov] : Miroslav Klepáček - Sursum ve spolupráci s Dášou Ubrovou, 2025
Témata:
Fyzický popis: 72 nečíslovaných stran : barevné ilustrace ; 21 cm
Knihy
Uloženo v:
LEADER 01468cam a2200421 i 4500
001 nkc20253717371
003 CZ PrNK
005 20260106110203.0
007 ta
008 251008s2025 xr a g 000 m cze d
015 |a cnb003717371 
020 |a 978-80-7323-421-8  |q (brožováno) 
040 |a PNA001  |b cze  |d BOA001  |e rda 
072 7 |a 821.162.3  |x Česká literatura  |2 Konspekt  |9 25 
080 |a 821.162.3-1  |2 MRF 
080 |a 821.162.3-3  |2 MRF 
080 |a (0:82-1)  |2 MRF 
080 |a (0:82-3)  |2 MRF 
100 1 |a Ubrová, Dagmar,  |d 1970-  |7 mzk2004148594  |4 aut  |4 ill  |4 pbl 
245 1 0 |a Dášoviny /  |c Dáša Ubrová 
264 1 |a [Tišnov] :  |b Miroslav Klepáček - Sursum ve spolupráci s Dášou Ubrovou,  |c 2025 
300 |a 72 nečíslovaných stran :  |b barevné ilustrace ;  |c 21 cm 
336 |a text  |b txt  |2 rdacontent 
337 |a bez média  |b n  |2 rdamedia 
338 |a svazek  |b nc  |2 rdacarrier 
655 7 |a česká poezie  |7 fd133958  |2 czenas 
655 7 |a české prózy  |7 fd133972  |2 czenas 
655 9 |a Czech poetry  |2 eczenas 
655 9 |a Czech prose  |2 eczenas 
910 2 |a BOA001  |b 2-1554.532 
920 |a 000984740  |z PNA001 
928 9 |a Sursum 
928 9 |a Dáša Urbová 
990 |a BK 
995 |a 60 
991 |b 202601  |c NOV 
996 6 |b 2611020553  |c 2-1554.532  |l MZK  |r Sklad / do 1 hodiny  |n 0  |p p.v.  |w 002028337  |u 000010  |a 1  |e BOA001  |j MZK50  |s P 
996 7 |b 2611020554  |c 2-1554.532  |l MZK  |r Sklad / do 1 hodiny  |n 0  |p p.v.  |w 002028337  |u 000020  |a 1  |e BOA001  |j MZK50  |s A